| 000 | 00537nam a22001932 4500 | ||
|---|---|---|---|
| 001 | 0000001881 | ||
| 005 | 20151217155814.0 | ||
| 008 | 070328s xx 000 0 eng d | ||
| 040 |
_aKABU _cKABU |
||
| 050 | 0 |
_aDT443.3 _b.K54A23 |
|
| 100 | 1 |
_aAbdallah bin Hemedi 'Iajjemy. _@0000150950 |
|
| 245 | 1 | 4 | _aThe Kilindi. |
| 260 |
_aNairobi : _bEALB, _c1963. |
||
| 300 | _axxxvi, 238 p. | ||
| 600 | 1 | 0 |
_aKilindi (African people) _@0000150951 |
| 908 | _a070328 | ||
| 950 | _@1 | ||
| 999 |
_c12658 _d12658 |
||